=LDR 00000nam 2200000 4500 =001 INLIS000000000040677 =005 20130612150234 =008 ***********************************ind** =035 ##$$0010-061300000040677 =041 ##$$a ind =082 ##$$a 813 =090 ##$$a 813, Red v =100 ##$$a REDFIELD, James =245 ##$$a Visi celestine, James redfield;Alih bahasa, Rosemary kesauly =260 ##$$a 2008 $b Jakarta =300 ##$$a 310 Hlm, 18 cm =650 ##$$a FIKSI =700 ##$$a KESAULY, Rosemary =850 ##$$a NBPNMAT =990 ##$$a 0001/BPAP-NTB/20142014 =990 ##$$a 0051/BPAP-NTB/2015 =990 ##$$a 00020002 =990 ##$$a 21112308 =990 ##$$a 0001/BPAP-NTB/20142014 =990 ##$$a 0051/BPAP-NTB/2015